Top 25 College Football Quarterbacks 2017-18 - Statistics

General Stats
  • This quiz has been taken 343 times
  • The average score is 6 of 25
Answer Stats
# Answer % Correct
4 Baker Mayfield
79%
3 Jalen Hurts
75%
1 Lamar Jackson
57%
14 Josh Allen
41%
12 Josh Rosen
36%
5 J.T. Barrett
36%
22 Austin Allen
35%
23 Justin Herbert
26%
7 Trace McSorley
24%
8 Mason Rudolph
23%
25 Jacob Eason
21%
6 Jake Browning
21%
2 Sam Darnold
20%
16 Jarrett Stidham
19%
19 Shea Patterson
19%
11 Deondre Francois
16%
10 Luke Falk
10%
13 Nick Fitzgerald
10%
21 Wilton Speight
10%
18 Mike White
9%
9 Quinton Flowers
6%
15 Logan Woodside
5%
17 Brett Rypien
4%
24 Jesse Ertz
3%
20 Shane Buechele
3%
No matching quizzes found
Score Distribution
Percent of People with Each Score
Percentile by Number Answered
Your Score History
You have not taken this quiz